UNDERSTANDING ON DRYING OF FRESHWATER SHRIMP (MACROBRACHUM NIPPONESEE)BY USING SOLAR DRYER,ការសិក្សាការកែច្នៃកំពឹសក្រៀមដោយប្រើប្រាស់ឧបករណ៍សម្ងួតសូឡាដោយ SHRIMP HOUSE TEAM (Record no. 22610)

000 -LEADER
fixed length control field 00679nam a22001337a 4500
040 ## - CATALOGING SOURCE
Transcribing agency RUA
082 ## - DEWEY DECIMAL CLASSIFICATION NUMBER
Classification number FIS SUN 2021 B473 Or.
100 ## - MAIN ENTRY--AUTHOR NAME
Personal name SUN SOPHALLA,សុន​ សុផល្លា
245 ## - TITLE STATEMENT
Title UNDERSTANDING ON DRYING OF FRESHWATER SHRIMP (MACROBRACHUM NIPPONESEE)BY USING SOLAR DRYER,ការសិក្សាការកែច្នៃកំពឹសក្រៀមដោយប្រើប្រាស់ឧបករណ៍សម្ងួតសូឡាដោយ SHRIMP HOUSE TEAM
260 ## - PUBLICATION, DISTRIBUTION, ETC. (IMPRINT)
Place of publication phnom penh
Name of publisher rua
Year of publication 2021
300 ## - PHYSICAL DESCRIPTION
Number of Pages viii.27p.
Other physical details ill.
Dimensions 29cm.
856 ## - ELECTRONIC LOCATION AND ACCESS
Uniform Resource Identifier https://drive.google.com/file/d/1RWIXp5A-WhJNjYbkQI1B-4TmFgexw6Z-/view?usp=sharing
942 ## - ADDED ENTRY ELEMENTS (KOHA)
Koha item type FIS
952 ## - LOCATION AND ITEM INFORMATION (KOHA)
Withdrawn status [LOCAL, KOHA] 0
952 ## - LOCATION AND ITEM INFORMATION (KOHA)
Withdrawn status [LOCAL, KOHA] 0
952 ## - LOCATION AND ITEM INFORMATION (KOHA)
Withdrawn status [LOCAL, KOHA] 0
952 ## - LOCATION AND ITEM INFORMATION (KOHA)
Withdrawn status [LOCAL, KOHA] 0
Holdings
Permanent Location Date acquired Koha item type Lost status Shelving location Barcode Current Location Full call number
Library Block B2024-03-19FIS B473a078206Library Block BFIS SUN 2021 B473 Or.
Library Block B2024-03-19FIS B473a078210Library Block BFIS SUN 2021 B473 Or.
Library Block B2024-03-19FIS B473a078198Library Block BFIS SUN 2021 B473 Or.
Library Block B2024-03-19FIS B473a078186Library Block BFIS SUN 2021 B473 Or.
មជ្ឈមណ្ឌលឯការនៃសាកលវិទ្យាល័យភូមិន្ទកសិកម្មចំការដូង

Powered by Koha